[Event "Barcelona Sant Marti op-B 23rd"]
[Site "Barcelona"]
[Date "2023.07.18"]
[Round "6"]
[White "Lopez Capape, Armando"]
[Black "Martinez Escribano, Jose Angel"]
[Result "0-1"]
[WhiteElo "1746"]
[BlackElo "1883"]
[PlyCount "48"]
[EventDate "2023.07.13"]
[EventType "swiss"]
[EventRounds "9"]
[EventCountry "ESP"]
[SourceTitle "CBM 215 Extra"]
[Source "ChessBase"]
[SourceDate "2023.09.30"]
[SourceVersion "1"]
[SourceVersionDate "2023.09.30"]
[SourceQuality "1"]

1. c4 c5 2. Nc3 Nc6 3. Nf3 g6 4. g3 Bg7 5. Bg2 d6 6. 0-0 Nh6 7. d3 0-0 8. h3 e5 9. e3 Nf5 10. e4 Nfe7 11. Nh2 f5 12. f3 Be6 13. Bg5 h6 14. Bxe7 Qxe7 15. Qd2 Kh7 16. Ne2 h5 17. exf5 Bxf5 18. g4 Bh6 19. f4 exf4 20. Bxc6 f3 21. Qc2 fxe2 22. Rfe1 Qe3+ 23. Kh1 Bxd3 24. Qa4 bxc6 0-1

[Event "Barcelona Sant Marti op-B 20th"]
[Site "Barcelona"]
[Date "2018.07.15"]
[Round "3"]
[White "Zubimendi Felip, Ricard"]
[Black "Martinez Escribano, Jose Angel"]
[Result "1-0"]
[WhiteElo "1752"]
[BlackElo "1930"]
[PlyCount "63"]
[EventDate "2018.07.13"]
[EventType "swiss"]
[EventRounds "9"]
[EventCountry "ESP"]
[SourceTitle "EXT 2019"]
[Source "ChessBase"]
[SourceDate "2018.10.10"]
[SourceVersion "1"]
[SourceVersionDate "2018.10.10"]
[SourceQuality "1"]

1. d4 Nf6 2. c4 g6 3. Nc3 Bg7 4. e4 0-0 5. e5 Ne8 6. f4 d6 7. Nf3 Nd7 8. Be2 c5 9. dxc5 Nxc5 10. 0-0 Bf5 11. Be3 Ne4 12. Nxe4 Bxe4 13. Qb3 dxe5 14. Nxe5 Nd6 15. Rad1 Qc8 16. Rd2 b6 17. Rc1 Qe6 18. Qd1 Rac8 19. b4 g5 20. Bf2 gxf4 21. Nf3 Nxc4 22. Ng5 Qg6 23. Nxe4 Qxe4 24. Bd3 Qe6 25. Re2 Ne3 26. Bxe3 fxe3 27. Rec2 Rfd8 28. Qe2 Rxc2 29. Qxc2 h6 30. h3 Qd6 31. Rd1 Qg3 32. Bh7+ 1-0

[Event "Barcelona Sant Marti op-B 20th"]
[Site "Barcelona"]
[Date "2018.07.13"]
[Round "1"]
[White "Ruiz Puerta, Jon Ander"]
[Black "Martinez Escribano, Jose Angel"]
[Result "0-1"]
[WhiteElo "1616"]
[BlackElo "1930"]
[PlyCount "78"]
[EventDate "2018.07.13"]
[EventType "swiss"]
[EventRounds "9"]
[EventCountry "ESP"]
[SourceTitle "EXT 2019"]
[Source "ChessBase"]
[SourceDate "2018.10.10"]
[SourceVersion "1"]
[SourceVersionDate "2018.10.10"]
[SourceQuality "1"]

1. d4 Nf6 2. Nf3 g6 3. e3 Bg7 4. Bd3 d6 5. b3 0-0 6. Bb2 c5 7. 0-0 Nc6 8. a3 a6 9. c4 Qb6 10. Nbd2 Rd8 11. Qc2 Qc7 12. Rfe1 b6 13. h3 Bb7 14. d5 Ne5 15. e4 Nh5 16. Bf1 Rab8 17. Rab1 Bc8 18. Nxe5 dxe5 19. g3 Bd7 20. Bg2 e6 21. dxe6 Bxe6 22. Nf1 f5 23. exf5 Bxf5 24. Qe2 Bxb1 25. Rxb1 Re8 26. Ne3 Nf6 27. Nd5 Nxd5 28. Bxd5+ Kh8 29. Re1 e4 30. Bxg7+ Qxg7 31. Bxe4 Rbd8 32. Qc2 Rd4 33. Re2 Re5 34. Bd5 Qe7 35. Rxe5 Qxe5 36. Kg2 Kg7 37. Qc3 Rxd5 38. Qf3 Rd7 39. Qc6 Qd6 0-1

[Event "Barcelona Ateneu Colon op 7th"]
[Site "Barcelona"]
[Date "2012.06.12"]
[Round "9"]
[White "Garcia Mosquera, David"]
[Black "Martinez Escribano, Jose Angel"]
[Result "0-1"]
[WhiteElo "2044"]
[BlackElo "1992"]
[PlyCount "54"]
[EventDate "2012.04.10"]
[EventType "swiss"]
[EventRounds "9"]
[EventCountry "ESP"]
[SourceTitle "CBM 148 Extra"]
[Source "ChessBase"]
[SourceDate "2012.06.22"]
[SourceVersion "1"]
[SourceVersionDate "2012.06.22"]
[SourceQuality "1"]

1. e4 c5 2. f4 Nc6 3. Nf3 g6 4. c3 d5 5. e5 Nh6 6. Na3 Bg7 7. Be2 d4 8. d3 0-0 9. 0-0 Nf5 10. g4 Ne3 11. Bxe3 dxe3 12. h3 f6 13. d4 cxd4 14. cxd4 Be6 15. Nc4 Qd5 16. Qd3 fxe5 17. fxe5 Rxf3 18. Rxf3 Nxd4 19. Rf4 Nxe2+ 20. Qxe2 Bh6 21. Rd1 Qc5 22. Rfd4 Rf8 23. b4 Qb5 24. a4 Rf2 25. Qd3 Qxb4 26. Nxe3 Qb2 27. Kh1 Rf3 0-1

[Event "Barcelona Ateneu Colon op 7th"]
[Site "Barcelona"]
[Date "2012.05.29"]
[Round "7"]
[White "Martinez Escribano, Jose Angel"]
[Black "Munoz Pantoja, Miguel Angel"]
[Result "0-1"]
[WhiteElo "1992"]
[BlackElo "2494"]
[PlyCount "42"]
[EventDate "2012.04.10"]
[EventType "swiss"]
[EventRounds "9"]
[EventCountry "ESP"]
[SourceTitle "CBM 148 Extra"]
[Source "ChessBase"]
[SourceDate "2012.06.22"]
[SourceVersion "1"]
[SourceVersionDate "2012.06.22"]
[SourceQuality "1"]

1. e4 c5 2. Nf3 Nc6 3. d4 cxd4 4. Nxd4 e5 5. Nb5 d6 6. c4 Be7 7. N1c3 a6 8. Na3 Be6 9. Be2 Nf6 10. Be3 Rc8 11. 0-0 0-0 12. Rc1 Nd7 13. Qd2 Nc5 14. f3 h6 15. Rfd1 Bg5 16. Nd5 Bxd5 17. Bxg5 hxg5 18. cxd5 Nd4 19. b4 Na4 20. Rxc8 Qxc8 21. Kf1 Nc3 0-1

[Event "Barcelona Ateneu Colon op 7th"]
[Site "Barcelona"]
[Date "2012.05.22"]
[Round "6"]
[White "Aguilera Bonaque, Juan Carlos"]
[Black "Martinez Escribano, Jose Angel"]
[Result "0-1"]
[WhiteElo "2023"]
[BlackElo "1992"]
[PlyCount "64"]
[EventDate "2012.04.10"]
[EventType "swiss"]
[EventRounds "9"]
[EventCountry "ESP"]
[SourceTitle "CBM 148 Extra"]
[Source "ChessBase"]
[SourceDate "2012.06.22"]
[SourceVersion "1"]
[SourceVersionDate "2012.06.22"]
[SourceQuality "1"]

1. c4 c5 2. Nf3 Nc6 3. d4 cxd4 4. Nxd4 g6 5. Nc3 Bg7 6. Nc2 Nf6 7. e4 0-0 8. Be2 b6 9. 0-0 Bb7 10. f4 Rc8 11. e5 Ne8 12. Bg4 e6 13. Be3 d6 14. exd6 Nxd6 15. c5 Nc4 16. Qxd8 Rfxd8 17. cxb6 Nxe3 18. Nxe3 axb6 19. Nc4 Ba6 20. Be2 Nd4 21. b3 Nxe2+ 22. Nxe2 Bxc4 23. bxc4 Bxa1 24. Rxa1 Rxc4 25. Kf2 Rd2 26. Ke3 Rcc2 27. Nc3 Rxg2 28. Kd3 Rxh2 29. a4 Rhd2+ 30. Kc4 Kf8 31. Re1 Ke7 32. Re5 Rd5 0-1